000 00996nam a2200205 i 4500
001 46432
003 ES-MaACL
005 20250715193451.0
007 t|
008 030328s1918 sp |||| | spa d
245 0 0 _aConferencias pedagógicosociales /
_corganizadas por la Escuela Española y dadas en el Centro de Defensa Social.
_nIII.
260 _aMadrid :
_b[s.n.],
_c1918 (
_fImp. del Asilo de Huérfanos del S.C. de Jesús)
300 _a1 v. (220 p.) ;
_c19 cm.
505 8 _aContiene: III. 7ª ;
_tEl maestro y la ciudadanía /
_rpor D. Manuel Fernandez-Navamuel - 8ª. --
_tLas Juntas de Defensa como caso de patología social /
_rpor D. Severino Aznar - 9ª. --
_tLas Juntas de Defensa como problema de política social /
_rpor D. Severino Aznar
651 4 _aEspaña-
_xPolítica social-
_y1902-1931.
_9166143
700 1 _aFernández y Fernández-Navamuel, Manuel.
_950178
700 1 _aAznar, Severino,
_d1870-1959
_924307
852 _aES-MaACL
_jG-480
999 _c46432
_d46432